Countries that Don't Celebrate Christmas - Statistics

General Stats
  • This quiz has been taken 792 times
  • The average score is 26 of 34
Answer Stats
Country % Correct
China
92%
Iran
91%
Saudi Arabia
90%
Pakistan
88%
Oman
86%
Yemen
85%
North Korea
84%
Qatar
84%
United Arab Emirates
84%
Afghanistan
83%
Japan
82%
Morocco
82%
Algeria
81%
Turkey
80%
Libya
79%
Vietnam
78%
Bahrain
77%
Kuwait
76%
Laos
75%
Tunisia
75%
Turkmenistan
75%
Israel
74%
Uzbekistan
74%
Cambodia
73%
Tajikistan
73%
Thailand
73%
Somalia
72%
Mongolia
67%
Azerbaijan
66%
Bhutan
66%
Taiwan
66%
Mauritania
64%
Maldives
53%
Comoros
41%
No matching quizzes found
Score Distribution
Percent of People with Each Score
Percentile by Number Answered
Your Score History
You have not taken this quiz